000 00304nam a22001337a 4500
008 170405b xxu||||| |||| 00| 0 eng d
020 _a0781701252
041 _aeng
080 _23RD
_a574
100 _a9
101 _aSHM
245 _aPRINCIPLES OF CLINICAL TOXICOLOGY
_cGOSSEL, TH.A
942 _2udc
_cBK
999 _c9697
_d9697